Revue française d'hygiène et medecine scolaire et universitaire (Record no. 2071)

MARC details
000 -LEADER
campo de control de longitud fija 00947nas a2200253 i 4500
001 - NÚMERO DE CONTROL
campo de control 2071
003 - IDENTIFICADOR DE NÚMERO DE CONTROL
campo de control ES-MaACL
005 - FECHA Y HORA DE LA ÚLTIMA TRANSACCIÓN
campo de control 20250828062529.0
007 - CAMPO FIJO DE DESCRIPCIÓN FÍSICA--INFORMACIÓN GENERAL
campo de control de longitud fija t|
008 - DATOS DE LONGITUD FIJA--INFORMACIÓN GENERAL
campo de control de longitud fija 950801d19531982fr q| | 1 ||re d
080 ## - NÚMERO DE LA CLASIFICACIÓN DECIMAL UNIVERSAL
Número de la Clasificación Decimal Universal 613/614
245 00 - MENCIÓN DEL TÍTULO
Título Revue française d'hygiène et medecine scolaire et universitaire
Resto del título : bulletin de l'Association Française d'Hygiene Scolaires et Universitaire.
260 ## - PUBLICACIÓN, DISTRIBUCIÓN, ETC.
Lugar de publicación, distribución, etc. Paris :
Nombre del editor, distribuidor, etc. G. Dion et Cie,
Fecha de publicación, distribución, etc. 1953-1982 (
Lugar de fabricación/manufactura Niort :
Fabricante Nicolás)
300 ## - DESCRIPCIÓN FÍSICA
Extensión 1 v. ;
Dimensiones 24 cm.
310 ## - PERIODICIDAD ACTUAL
Periodicidad actual Trimestral
362 0# - FECHAS DE PUBLICACIÓN Y/O DESIGNACIÓN SECUENCIAL
Fecha de publicación y/o designación secuencial T. 6, n° 1 (1953)-t. 35, n° 3/4 (1982)
650 #7 - PUNTO DE ACCESO ADICIONAL DE MATERIA--TÉRMINO DE MATERIA
Término de materia o nombre geográfico como elemento de entrada Educación
Fuente del encabezamiento o término embne
9 (RLIN) 12073
650 14 - PUNTO DE ACCESO ADICIONAL DE MATERIA--TÉRMINO DE MATERIA
Término de materia o nombre geográfico como elemento de entrada Higiene. Sanidad.
9 (RLIN) 13357
710 2# - ENTRADA AGREGADA--NOMBRE DE ENTIDAD CORPORATIVA
Nombre de entidad corporativa o nombre de jurisdicción como elemento de entrada Association Française d'Hygiène Scolaire et Universitaire (
Sede del congreso/Lugar de la reunión París)
9 (RLIN) 194372
785 00 - ENTRADA/ENLACE A UN TÍTULO POSTERIOR
Encabezamiento principal Revue d'hygiène et medecine scolaire et universitaire
Lugar, editor y fecha de publicación 1960
852 ## - LOCALIZACIÓN
Ubicación ES-MaACL
Número de control de estantería HEM-H-344
Encuadernación Hem-1515
Signatura antigua
866 #0 - MENCIÓN TEXTUAL DE FONDOS--UNIDAD BIBLIOGRÁFICA BÁSICA
Fondos 1954-58(1959f.n.3-4)1960(1961).
Holdings
Estatus retirado Estado de pérdida Estado de daño No para préstamo Colección Biblioteca de origen Biblioteca actual Ubicación en estantería Fecha de adquisición Fuente de adquisición Total de préstamos Signatura topográfica completa Código de barras Visto por última vez Precio de reemplazo Tipo de ítem Koha
        Periódicos y Revistas Biblioteca del Ateneo de Madrid Biblioteca del Ateneo de Madrid Hemeroteca 17/01/2008     HEM-H-344 1002110 23/02/2023 23/02/2023 Revista